| 000 | 02970nam a22003854i 4500 | ||
|---|---|---|---|
| 001 | 991061259883106706 | ||
| 003 | ES-BaIT | ||
| 005 | 20260209100953.0 | ||
| 008 | 241224s2024 sp a|||| |00 0|spa c | ||
| 017 |
_aDL G 00559-2024 _bOficina DL Vitoria |
||
| 020 | _a9788412824827 | ||
| 035 | _a(OCoLC)1519575393 | ||
| 040 |
_aES-BaMNA _bcat _erda _cES-BaMNA |
||
| 080 | _a7.071-055.2 | ||
| 245 | 0 | 0 |
_aCosmología esotérica : _barte, ciencia, espiritualidad y utopía de mujeres visionarias / _cPilar Bonet Julve, María José González Madrid, eds. |
| 246 | 3 | 0 | _aArte, ciencia, espiritualidad y utopía de mujeres visionarias |
| 264 | 1 |
_aVitoria-Gasteiz : _bSans Soleil Ediciones, _c2024 |
|
| 300 |
_a255 pàgines : _bil·lustracions en color ; _c23 cm |
||
| 336 |
_atext _btxt _2rdacontent |
||
| 337 |
_asense mediació _bn _2rdamedia |
||
| 338 |
_avolum _bnc _2rdacarrier |
||
| 490 | 1 | _aColección Lingua Ignota | |
| 504 | _aReferències bibliogràfiques | ||
| 520 | _a"Este es un libro que tiene como protagonistas a algunas mujeres visionarias que, desde finales del siglo XIX, vincularon sus impulsos místicos e investigaciones espirituales a prácticas artísticas y creativas. Casi todas lo hicieron desde Europa, aunque muchas tuvieron en cuenta saberes y tradiciones de otros tiempos, lugares y culturas, algunas lejanas.Tras años de opacidad, asistimos hoy a una explosión de curiosidad y fervor por sus figuras: Hélène Smith, Madeleine Lebouc, Anna Mary Howitt, Barbara Leigh Smith, Elizabeth Siddal, Margaret WattsHughes, Lili Kolisko, Hilma af Klint, Emma Kunz, Nina Karasek, Elizabeth Wilkinson, Georgiana Houghton, Alice Essington Nelson, Florence Seth, Ethel Le Rosignol, Cicely Martin, Madge Gill, Mary Willis, Josefa Tolrà, Julia Aguilar,Ana de España, Leonora Carrington y Remedios Varo.Se interesaron por las nuevas espiritualidades y los saberes holísticos: el espiritismo, la teosofía, la antroposofía y el interés por antiguas tradiciones herméticas. También por las investigaciones científicas empeñadas en visibilizar lo oculto. Practicaron las nuevas ideas y políticas del socialismo utópico, el anarquismo y el feminismo, basadas en la justicia social y la fraternidad. Y generaron una explosión de apuestas creativas para dar formas a la voluntad de trascendencia y comunicación con mundos más allá del nuestro, de sanación del espíritu y de trazado de caminos de conocimiento que acompañaron su necesidad de transformación de la vida y del mundo." -- Contracoberta | ||
| 650 | 0 |
_aArt brut _2lemac _9168368 |
|
| 650 | 0 |
_aEspiritualitat en l'art _2lemac _9168369 |
|
| 650 | 7 |
_aDones artistes _956713 |
|
| 650 | 0 |
_aOcultisme en l'art _2lemac _9161810 |
|
| 700 | 1 |
_aBonet, Pilar, _d1956- _eeditor literari _99007 |
|
| 700 | 1 |
_aGonzález Madrid, María José _eeditor literari _9168371 |
|
| 830 |
_aLingua ignota _9161811 |
||
| 908 |
_aMNAC _aMACBA _aUB _aCDMAE |
||
| 940 |
_aDIBA _dCVA38 |
||
| 942 |
_2udc _c1 |
||
| 999 |
_c137029 _d137029 |
||